Atoms in electromagnetic fields

Na minha lista:
Detalhes bibliográficos
Autor principal: Cohen-Tannoudji, Claude, 1933-
Formato: Livro
Publicado em: World Scientific 1994
Tags: Adicionar Tag
Sem tags, seja o primeiro a adicionar uma tag!
Thư viện lưu trữ: Mạng thư viện Đại học Đà Nẵng
LEADER 00565nam a2200229 a 4500
001 000030152
003 25640
005 20171030145630.0
008 171030s1994
040 |a LTT 
082 0 |a 539.7  |b CO-C 
100 1 |a Cohen-Tannoudji, Claude, 1933- 
245 0 0 |a Atoms in electromagnetic fields  |c C. Cohen-Tannoudji. 
260 |b World Scientific  |c 1994 
500 |a VSVN 
OWN |a LTT 
999 |a From the UDN01 
TYP |a Monograph 
TYP |a Printed language 
980 |a Mạng thư viện Đại học Đà Nẵng